000 00572nam a2200205 a 4500
001 56097
003 BD-RjUL
005 20211209080343.0
008 116112s1973 nyua b 001 0beng
035 _a(BD-RjUL)56221
040 _aBD-RjUL
_beng
_cBD-RjUL
041 _aeng
082 _223
_a909
_bHIS 1973
245 1 4 _ahistory of the world /
_cW.N. Weech, M.A.
260 _aLondon :
_bUniversity of California Press,
_c1973.
300 _axxix,960 p. :
_billus. ;
_c22 cm.
504 _aBibliography: p. 486-578.
650 0 _aWorld history
_9166999
942 _2ddc
_cBK
999 _c56097
_d56097